Statistics for Internet Memes

Click here to take the quiz!

General Stats

  • This quiz has been taken 721 times
  • The average score is 5 of 26

Answer Stats

DescriptionMeme% Correct
A common meme of a face used for annoyanceTroll Face
67%
A meme involving a paedophilic cartoon bearPedobear
60%
A meme of a man with a large chin who shows how lonely he is and how he will always be aloneForever Alone
44%
A popular dance gripping the world that all started with the South Korean singer PSYGangnam Style
39%
A meme based off Nicolas Cage used when someone points out the obviousYou Don't Say?
37%
A school photograph of a boy who always has bad luckBad Luck Brian
36%
A picture from Lord of the Rings before the charge on MordorOne Does Not Simply
32%
An up close picture of a very frightening girlfriend who won't leave her boyfriend aloneOverly Attached Girlfriend
22%
A picture of a dinosaur taking an art to philosophyPhilosoraptor
22%
A meme from the famous 'Willy Wonka and the Chocolate Factory'Condescending Wonka
17%
A picture of an enraged wolf doing unbelievable thingsInsanity Wolf
16%
A meme involving a chicken telling a very bad jokeAnti-Joke Chicken
13%
'I don't always... but when I do...'The Most Interesting Man
13%
A meme of a man who complains as to why people don't do thingsY U NO
13%
A picture of a cat in a lab coat behind lots of vials full of chemicals, telling jokes about the subjectChemistry Cat
12%
A black-and-white photo of a very buff man showing off how tough he isOverly Manly Man
11%
A picture of a toddler punching the air with joySuccess Baby
7%
A picture of a parrot who is a little bit of a drama queenParanoid Parrot
7%
A picture of a teenager dancing at a pary and having sudden realizationsSudden Clarity Clarence
7%
An 8th grade girl who knows nothing about music of previous erasMusically Oblivious 8th Grader
5%
A picture of a baby dressed in a suit and bow-tie pretending to be The GodfatherGodfather Baby
4%
A picture of a scheming toddler plotting against his parentsEvil Toddler
3%
A meme involving a father and his son in which the father turns round rapidlyStare Dad
3%
A picture of a penguin walking to his left talking about brilliant social positionsAwesome Penguin
3%
A panda resting on a tree trunk with a bottle of beer in his hand trying to pick up girlsPick-up Line Panda
2%
A picture of a girl wearing glasses trying to be a nerd and failingIdiot Nerd Girl
2%

Score Distribution

Percentile by Number Answered

Percent of People with Each Score

Your Score History

You have not taken this quiz